| 000 | 00587nam a22001937a 4500 | ||
|---|---|---|---|
| 005 | 20240812105618.0 | ||
| 008 | 240812t19741975sp ||||| |||| 00| 0 spa d | ||
| 020 | _a8401301378 | ||
| 040 |
_aCO-JMCR _cCO-JMCR _dCO-JMCR _erda |
||
| 041 | _aspa | ||
| 082 |
_aA-N _bVAZq |
||
| 100 |
_eautor _aVásquez Fígueroa , Alberto, _943784 |
||
| 245 |
_a¿Quién mato al embajador? _cAlberto Vásquez Fígueroa |
||
| 260 |
_aEspaña _bPlaza & Janés _c1974 |
||
| 300 |
_a233 páginas _c20 cm |
||
| 650 | 1 | 4 |
_2JMCR _aLiteratura Española _9555 |
| 650 | 2 | 4 |
_2JMCR _aNovela policiaca _9214 |
| 942 |
_2ddc _cBK |
||
| 999 |
_c30798 _d17182 |
||